| 000 | 00411nam a22001697a 4500 | ||
|---|---|---|---|
| 003 | CEME | ||
| 005 | 20210628204800.0 | ||
| 008 | 210222b xxu||||| |||| 00| 0 eng d | ||
| 020 | _a0-7506-2118-4 | ||
| 040 | _c. | ||
| 082 | _a621.3815 TOO'E | ||
| 100 |
_aTooley, Michael _970755 |
||
| 245 | _aElectronic circuits student handbook | ||
| 260 |
_aOXFORD _bNEWNESS _c1995 |
||
| 300 | _a213P | ||
| 942 |
_cBK _2ddc |
||
| 999 |
_c578418 _d578418 |
||